Los hermanos Karamazov (Registro nro. 1913)

Detalles MARC
000 - LÍDER
campo de control de longitud fija 00807nam a2200253Ia 4500
005 - FECHA Y HORA DE LA ÚLTIMA TRANSACCIÓN
campo de control 20210727153054.0
008 - ELEMENTOS DE DATOS DE LONGITUD FIJA - INFORMACIÓN GENERAL
campo de control de longitud fija 121119s2001 sp gr 000 f spa
020 ## - INTERNATIONAL STANDARD BOOK NUMBER
International Standard Book Number 848461090X
041 1# - CÓDIGO DE LENGUAJE
Código de idioma de texto / pista de sonido o título separado spa
040 ## - FUENTE DE CATALOGACIÓN
Agencia de catalogación original CO-BoRNBP
Lenguaje de catalogación spa
Descripción convenciones rda
Agencia de transcripción CO-BoRNBP
084 ## - OTRO NÚMERO DE CLASIFICACIÓN
Número de clasificación N DOS1
100 1# - ENTRADA PRINCIPAL - NOMBRE PERSONAL
Nombre de la persona Dostoievski, Fiodor Mijailovich
Fechas asociadas a un nombre 1821-1881
245 14 - TÍTULO DECLARACIÓN
Título Los hermanos Karamazov
Declaración de responsabilidad Fiodor M. Dostoievski ; traducción, Antonio Rodriguez Salvatierra
250 ## - DECLARACIÓN DE EDICIÓN
Sentencia de edición Primera edición
264 ## - AVISO DE PRODUCCIÓN, PUBLICACIÓN, DISTRIBUCIÓN, FABRICACIÓN Y DERECHOS DE AUTOR
Lugar de producción Barcelona
Nombre del productor Edicomunicación
Fecha de producción [2001]
300 ## - DESCRIPCIÓN FÍSICA
Alcance 542 páginas
Dimensiones 22 cm
336 ## - TIPO DE CONTENIDO
Tipo de contenido texto
Código de tipo de contenido txt
Fuente rdacontent
337 ## - TIPO DE MEDIO
Término del tipo de medio sin mediación
Código de tipo de medio n
Fuente rdamedia
338 ## - TIPO DE PORTADOR
Término del tipo de operador volumen
Código de tipo de operador nc
Fuente rdacarrier
650 14 - ENTRADA DE SUJETO AÑADIDO - TÉRMINO TÓPICO
Término tópico o elemento de entrada del nombre geográfico Novela rusa
Fuente del título o término LEMB
650 14 - ENTRADA DE SUJETO AÑADIDO - TÉRMINO TÓPICO
Término tópico o elemento de entrada del nombre geográfico Sufrimiento
Subdivisión de forma Novela
650 14 - ENTRADA DE SUJETO AÑADIDO - TÉRMINO TÓPICO
Término tópico o elemento de entrada del nombre geográfico Luchas sociales
Subdivisión de forma Novela
Fuente del título o término LEMB
942 ## - ELEMENTOS DE ENTRADA AGREGADOS (KOHA)
Fuente de clasificación o esquema de estanterías Local
Tipo de artículo Koha Literartura
Existencias
Estado de retirada Pérdida de estatus Fuente de clasificación o esquema de estanterías Estado dañado No para préstamo Código de recogida Ubicación permanente Ubicación actual Ubicación de las estanterías Fecha de adquisición Fuente de adquisición Total de Cajas Número Topográfico Código de barras Precio efectivo desde Número de copia Fecha de la última salida Fecha de la última vez que se vio Tipo de artículo Koha
    Dewey Decimal Classification     General Biblioteca Pública Jaime Fernández Botero Biblioteca Pública Jaime Fernández Botero Área General 15/03/2022 Compra 3 891.73 D724h SANRC17 - 0120 15/03/2022 Ej. 1 12/12/2023 08/02/2024 Libro